[Event "Titled Tuesday intern op 09th Jan Early"]
[Site "Chess.com INT"]
[Date "2024.01.09"]
[Round "9"]
[White "Ambartsumova, Karina"]
[Black "Rajdeep, Sarkar"]
[Result "1-0"]
[WhiteElo "2418"]
[BlackElo "2357"]
[PlyCount "81"]
[EventDate "2024.01.09"]
[EventType "swiss (blitz)"]
[EventRounds "11"]
[EventCountry "USA"]
[SourceTitle "CBM 218 Extra"]
[Source "ChessBase"]
[SourceDate "2024.03.31"]
[SourceVersion "1"]
[SourceVersionDate "2024.03.31"]
[SourceQuality "1"]

1. c4 Nf6 2. Nf3 g6 3. g3 Bg7 4. Bg2 0-0 5. Nc3 c6 6. b3 d5 7. e3 Ne4 8. Bb2 Nxc3 9. Bxc3 Bxc3 10. dxc3 dxc4 11. Qc2 cxb3 12. axb3 Nd7 13. h4 Nf6 14. Rd1 Bf5 15. Qb2 Qa5 16. 0-0 Rfd8 17. Nd4 Be4 18. f3 Bf5 19. b4 Qe5 20. e4 Bd7 21. f4 Qc7 22. e5 Nd5 23. Rde1 Bg4 24. f5 c5 25. Nb5 Qb6 26. c4 cxb4+ 27. Rf2 Ne3 28. e6 f6 29. fxg6 hxg6 30. Qxb4 Nf5 31. c5 Qa6 32. Nc7 b6 33. Nxa6 bxc5 34. Qxg4 Kg7 35. Rxf5 Rd4 36. Rf4 Rad8 37. h5 g5 38. Rxd4 Rxd4 39. Qf5 Kf8 40. Qg6 c4 41. Qf7# 1-0

[Event "Titled Tuesday intern op 09th Jan Early"]
[Site "Chess.com INT"]
[Date "2024.01.09"]
[Round "6"]
[White "Bazilius, Augustinas"]
[Black "Rajdeep, Sarkar"]
[Result "0-1"]
[WhiteElo "2030"]
[BlackElo "2357"]
[PlyCount "96"]
[EventDate "2024.01.09"]
[EventType "swiss (blitz)"]
[EventRounds "11"]
[EventCountry "USA"]
[SourceTitle "CBM 218 Extra"]
[Source "ChessBase"]
[SourceDate "2024.03.31"]
[SourceVersion "1"]
[SourceVersionDate "2024.03.31"]
[SourceQuality "1"]

1. e4 e5 2. d4 exd4 3. c3 d3 4. Bxd3 Nc6 5. Ne2 g6 6. 0-0 Bg7 7. f4 d6 8. f5 Ne5 9. Bc2 Nf6 10. fxg6 fxg6 11. Bb3 Qe7 12. Nf4 Bg4 13. Qd4 Nc6 14. Qa4 Bd7 15. Nd5 Nxd5 16. Bxd5 0-0-0 17. Nd2 Rhf8 18. Rxf8 Rxf8 19. Bxc6 Bxc6 20. Qxa7 Bxe4 21. Nxe4 Qxe4 22. Bg5 h6 23. Bd2 Qd5 24. Qa8+ Kd7 25. Qa4+ b5 26. Qc2 Qc5+ 27. Kh1 Rf2 28. Qd3 Qc6 29. Qh3+ Kd8 30. Be3 Rxb2 31. Rf1 Qxc3 32. Qh4+ g5 33. Bxg5+ hxg5 34. Qxg5+ Kc8 35. Qf5+ Kb7 36. Qd5+ Kb6 37. Qf7 Be5 38. h3 Qc2 39. Qd5 Qc6 40. Qf3 Qxf3 41. Rxf3 Rxa2 42. g4 c5 43. g5 c4 44. g6 c3 45. Rf1 c2 46. Rc1 b4 47. h4 b3 48. h5 b2 0-1

[Event "Moscow Aeroflot op-B"]
[Site "Moscow"]
[Date "2020.02.25"]
[Round "7"]
[White "Rajdeep, Sarkar"]
[Black "Gevorgyan, David"]
[Result "1-0"]
[WhiteElo "2354"]
[BlackElo "2328"]
[PlyCount "81"]
[EventDate "2020.02.19"]
[EventType "swiss"]
[EventRounds "9"]
[EventCountry "RUS"]
[SourceTitle "CBM 195 Extra"]
[Source "ChessBase"]
[SourceDate "2020.05.31"]
[SourceVersion "1"]
[SourceVersionDate "2020.05.31"]
[SourceQuality "1"]

1. Nf3 Nf6 2. c4 e6 3. g3 d5 4. Bg2 Be7 5. 0-0 0-0 6. b3 b6 7. Bb2 Bb7 8. e3 dxc4 9. bxc4 c5 10. Qe2 Nc6 11. Nc3 Rc8 12. Ne1 Qd7 13. f4 Rfd8 14. d3 Nb4 15. Rd1 Bxg2 16. Nxg2 Ne8 17. g4 Nd6 18. Rf3 f5 19. gxf5 Nxf5 20. a3 Nc6 21. Ne4 Qe8 22. Rh3 Rd7 23. Ne1 Rcd8 24. Nf3 h6 25. Kh1 Qf7 26. Nf2 Bf6 27. Bxf6 Qxf6 28. Ng4 Qc3 29. Nge5 Nxe5 30. Nxe5 Qxa3 31. Nxd7 Rxd7 32. e4 Nd4 33. Qh5 Rf7 34. Rg1 Kf8 35. Qe5 Qa4 36. Qd6+ Ke8 37. Rxh6 Rf8 38. Qb8+ Kf7 39. Qc7+ Ke8 40. Qxg7 Qc2 41. Rh7 1-0

[Event "Moscow Aeroflot op-B"]
[Site "Moscow"]
[Date "2020.02.24"]
[Round "6"]
[White "Ibadov, Dashgyn"]
[Black "Rajdeep, Sarkar"]
[Result "0-1"]
[WhiteElo "2297"]
[BlackElo "2354"]
[PlyCount "82"]
[EventDate "2020.02.19"]
[EventType "swiss"]
[EventRounds "9"]
[EventCountry "RUS"]
[SourceTitle "CBM 195"]
[Source "ChessBase"]
[SourceDate "2020.04.30"]
[SourceVersion "1"]
[SourceVersionDate "2020.04.30"]
[SourceQuality "1"]

1. e4 c6 2. d4 d5 3. e5 Bf5 4. h4 h5 5. Bd3 Bxd3 6. Qxd3 e6 7. Bg5 Be7 8. Nf3 Nh6 9. Nbd2 Nf5 10. g3 Nd7 11. Kf1 c5 12. c3 cxd4 13. cxd4 Nb8 14. Kg2 Nc6 15. Rac1 Qb6 16. Nb3 0-0 17. Bxe7 Ncxe7 18. Ng5 Rfc8 19. Rc5 Rxc5 20. Nxc5 Qxb2 21. Rb1 Qxd4 22. Qxd4 Nxd4 23. Rxb7 Ndc6 24. Kf1 Rb8 25. Rc7 Rc8 26. Rb7 Kf8 27. Nd3 Rb8 28. Rc7 Ke8 29. Nc5 Rc8 30. Rxc8+ Nxc8 31. Nd3 Nb6 32. Ke2 Nc4 33. f4 Nd4+ 34. Kf2 Nb5 35. Ne1 Nc3 36. Kf3 Ke7 37. Nh3 Nd2+ 38. Ke3 Nde4 39. Kf3 Kd7 40. Nf2 Nxf2 41. Kxf2 Kc6 0-1

[Event "Moscow Aeroflot op-B"]
[Site "Moscow"]
[Date "2020.02.23"]
[Round "5"]
[White "Levin, Evgeny A"]
[Black "Rajdeep, Sarkar"]
[Result "1-0"]
[WhiteElo "2513"]
[BlackElo "2354"]
[PlyCount "69"]
[EventDate "2020.02.19"]
[EventType "swiss"]
[EventRounds "9"]
[EventCountry "RUS"]
[SourceTitle "CBM 195"]
[Source "ChessBase"]
[SourceDate "2020.04.30"]
[SourceVersion "1"]
[SourceVersionDate "2020.04.30"]
[SourceQuality "1"]

1. d4 Nf6 2. c4 e6 3. Nc3 Bb4 4. e3 d5 5. Nf3 0-0 6. Bd2 b6 7. cxd5 exd5 8. Rc1 a6 9. Bd3 Nbd7 10. 0-0 Bb7 11. Ne5 Nxe5 12. dxe5 Bxc3 13. Bxc3 Ne4 14. Be1 Qe7 15. Qc2 c5 16. h3 c4 17. Bxe4 dxe4 18. f4 b5 19. Ba5 Qc5 20. Qc3 Rfd8 21. Bxd8 Rxd8 22. Rcd1 Rd3 23. Rxd3 exd3 24. Qd4 Qxd4 25. exd4 Kf8 26. Kf2 Ke7 27. f5 h5 28. Ke3 Kd7 29. Rg1 a5 30. g4 h4 31. g5 g6 32. Rf1 gxf5 33. Rxf5 Bd5 34. Rf6 Be6 35. d5 1-0

[Event "Wch U20 58th"]
[Site "New Delhi"]
[Date "2019.10.25"]
[Round "11"]
[White "Miciano, John Marvin"]
[Black "Rajdeep, Sarkar"]
[Result "1-0"]
[WhiteElo "2345"]
[BlackElo "2384"]
[PlyCount "125"]
[EventDate "2019.10.15"]
[EventType "swiss"]
[EventRounds "11"]
[EventCountry "IND"]
[SourceTitle "CBM 192 Extra"]
[Source "Chessbase"]
[SourceDate "2019.11.06"]
[SourceVersion "1"]
[SourceVersionDate "2019.11.06"]
[SourceQuality "1"]

1. e4 e5 2. Nf3 Nc6 3. Bc4 Nf6 4. d3 h6 5. Nbd2 d6 6. a3 g5 7. h3 Bg7 8. c3 Be6 9. Bxe6 fxe6 10. Nf1 Qd7 11. b4 Ne7 12. Ne3 0-0-0 13. Qc2 Ng6 14. Bb2 Rhf8 15. 0-0-0 Nh5 16. h4 Rxf3 17. hxg5 Ng3 18. fxg3 Rxg3 19. gxh6 Nf4 20. Qf2 Bh8 21. Kb1 Rdg8 22. h7 R8g7 23. Nf1 Rxd3 24. Rxd3 Nxd3 25. Qxa7 Kd8 26. Ne3 b6 27. Qa8+ Qc8 28. Qxc8+ Kxc8 29. c4 Kd7 30. Kc2 Nf4 31. g4 Ng6 32. a4 Nf8 33. c5 bxc5 34. bxc5 Kc6 35. cxd6 cxd6 36. Kd3 Rxh7 37. Rc1+ Kb7 38. Ba3 Bf6 39. Bxd6 Rd7 40. Nc4 Be7 41. Rb1+ Ka7 42. Rb6 Bd8 43. Rc6 Kb7 44. Nxe5 Nh7 45. Kc4 Ng5 46. Kb5 Rh7 47. a5 Nxe4 48. a6+ Ka7 49. Bc5+ Nxc5 50. Rxc5 Bc7 51. Nc6+ Ka8 52. Rh5 Rxh5+ 53. gxh5 Bf4 54. Kc5 e5 55. Kd5 Bc1 56. Kxe5 Bd2 57. Kf5 Be3 58. Ke4 Bc1 59. Kd3 Bg5 60. Kc4 Bc1 61. Kb5 Be3 62. Ne5 Kb8 63. Nf7 1-0

[Event "Wch U20 58th"]
[Site "New Delhi"]
[Date "2019.10.18"]
[Round "5"]
[White "Rajdeep, Sarkar"]
[Black "Flores Quillas, Diego Saul Rodrigo"]
[Result "1-0"]
[WhiteElo "2384"]
[BlackElo "2164"]
[PlyCount "69"]
[EventDate "2019.10.15"]
[EventType "swiss"]
[EventRounds "11"]
[EventCountry "IND"]
[SourceTitle "CBM 192 Extra"]
[Source "Chessbase"]
[SourceDate "2019.11.06"]
[SourceVersion "1"]
[SourceVersionDate "2019.11.06"]
[SourceQuality "1"]

1. Nf3 c5 2. c4 Nc6 3. d4 cxd4 4. Nxd4 Nf6 5. Nc3 e6 6. a3 d5 7. cxd5 exd5 8. Bg5 Be7 9. e3 0-0 10. Be2 Qb6 11. Na4 Qd8 12. 0-0 Ne5 13. Qb3 Bg4 14. Bxf6 Bxf6 15. Nc3 Be6 16. Rad1 Qd7 17. Nxe6 fxe6 18. e4 d4 19. f4 Ng6 20. e5 Bd8 21. Bc4 Kh8 22. Bxe6 Qe7 23. Ne2 Bb6 24. Kh1 Rad8 25. Bc4 Nh4 26. Bd3 g5 27. g3 Ng6 28. Bxg6 hxg6 29. Qd3 Kg7 30. Qe4 Qf7 31. Nxd4 Bxd4 32. Rxd4 Rxd4 33. Qxd4 Qc7 34. e6+ Kh7 35. Qd7+ 1-0

[Event "Wch U20 58th"]
[Site "New Delhi"]
[Date "2019.10.15"]
[Round "1"]
[White "Rajdeep, Sarkar"]
[Black "Sivathanujan, S."]
[Result "1/2-1/2"]
[WhiteElo "2384"]
[BlackElo "1766"]
[PlyCount "47"]
[EventDate "2019.10.15"]
[EventType "swiss"]
[EventRounds "11"]
[EventCountry "IND"]
[SourceTitle "CBM 192 Extra"]
[Source "Chessbase"]
[SourceDate "2019.11.06"]
[SourceVersion "1"]
[SourceVersionDate "2019.11.06"]
[SourceQuality "1"]

1. c4 e5 2. Nc3 g6 3. d4 Nc6 4. dxe5 Nxe5 5. e4 Bg7 6. f4 Nc6 7. g3 d6 8. Bg2 Nge7 9. Nge2 0-0 10. 0-0 f5 11. c5 fxe4 12. cxd6 Qxd6 13. Qxd6 cxd6 14. Bxe4 Bf5 15. Bxf5 Nxf5 16. Bd2 Rfe8 17. Kf2 Nb4 18. g4 Nd3+ 19. Kf3 Nd4+ 20. Nxd4 Bxd4 21. Nd5 Bxb2 22. Rab1 Rec8 23. Be3 Rc2 24. Rfd1 1/2-1/2

[Event "Western Asia-ch U20"]
[Site "Delhi"]
[Date "2019.09.09"]
[Round "7"]
[White "Rajdeep, Sarkar"]
[Black "Pranav, Anand"]
[Result "1-0"]
[WhiteElo "2364"]
[BlackElo "2361"]
[PlyCount "129"]
[EventDate "2019.09.06"]
[EventType "swiss"]
[EventRounds "9"]
[EventCountry "IND"]
[SourceTitle "CBM 192 Extra"]
[Source "Chessbase"]
[SourceDate "2019.11.06"]
[SourceVersion "1"]
[SourceVersionDate "2019.11.06"]
[SourceQuality "1"]

1. c4 e5 2. Nc3 Nf6 3. Nf3 Nc6 4. g3 d5 5. cxd5 Nxd5 6. Bg2 Bc5 7. 0-0 0-0 8. Nxd5 Qxd5 9. Ng5 Qd8 10. Nxh7 Re8 11. Ng5 Qxg5 12. d4 Qh5 13. dxc5 e4 14. Bf4 Bg4 15. f3 Qxc5+ 16. Kh1 exf3 17. exf3 Rad8 18. Qc1 Qxc1 19. Raxc1 Be6 20. a3 Re7 21. Rfe1 Rdd7 22. Kg1 f6 23. h4 Kf7 24. g4 Nd4 25. Kf2 c6 26. Be3 a5 27. Bf1 a4 28. h5 Nb5 29. Bc4 Nc7 30. f4 Re8 31. f5 Bd5 32. Bf1 Nb5 33. Bxb5 cxb5 34. Bc5 Rxe1 35. Rxe1 Rc7 36. Bd4 Re7 37. Rd1 Bc6 38. Bc3 Rd7 39. Re1 Re7 40. Re3 Be4 41. Rg3 Bc2 42. Rh3 Re4 43. Kf3 Rc4 44. h6 gxh6 45. Rxh6 Bd1+ 46. Ke3 Bxg4 47. Rxf6+ Ke7 48. Re6+ Kf7 49. Rb6 Rc7 50. Rxb5 Bd1 51. Rb6 Bb3 52. Kf4 Ke8 53. Kg5 Kf7 54. Rf6+ Kg8 55. Rg6+ Kf8 56. Rh6 Rd7 57. Rh8+ Kf7 58. Bb4 Rd5 59. Rh7+ Ke8 60. Rxb7 Rd7 61. Rb8+ Rd8 62. Rb6 Rd7 63. Kg6 Bc2 64. Re6+ Kd8 65. Ba5+ 1-0

[Event "Western Asia-ch U20"]
[Site "Delhi"]
[Date "2019.09.08"]
[Round "5"]
[White "Rajdeep, Sarkar"]
[Black "Vardan, Nagpal"]
[Result "1/2-1/2"]
[WhiteElo "2364"]
[BlackElo "2346"]
[PlyCount "98"]
[EventDate "2019.09.06"]
[EventType "swiss"]
[EventRounds "9"]
[EventCountry "IND"]
[SourceTitle "CBM 192 Extra"]
[Source "Chessbase"]
[SourceDate "2019.11.06"]
[SourceVersion "1"]
[SourceVersionDate "2019.11.06"]
[SourceQuality "1"]

1. c4 e6 2. Nf3 d5 3. b3 d4 4. e3 c5 5. exd4 cxd4 6. g3 Nc6 7. Bg2 Nf6 8. 0-0 Bd6 9. Ba3 0-0 10. Bxd6 Qxd6 11. d3 Rb8 12. a3 a5 13. Nbd2 b6 14. Ng5 Bd7 15. f4 Qc7 16. Rc1 Ne7 17. Re1 Nf5 18. Nf1 Bc6 19. Ne4 Nd7 20. b4 axb4 21. axb4 Nd6 22. Qc2 Nxe4 23. Bxe4 Nf6 24. Bxc6 Qxc6 25. b5 Qd6 26. Nd2 Rfd8 27. Nf3 Ra8 28. Ra1 h6 29. Ne5 Re8 30. Qg2 Rac8 31. Ra7 Rc7 32. Rea1 Nd7 33. Rxc7 Qxc7 34. Ra8 Nb8 35. Nc6 Rf8 36. Nxb8 Rxb8 37. Qc6 Qd8 38. Rxb8 Qxb8 39. c5 Qa7 40. cxb6 Qa1+ 41. Kg2 Qd1 42. Qe4 Qc2+ 43. Kf3 Qd1+ 44. Kf2 Qc2+ 45. Kf3 Qd1+ 46. Kg2 Qc2+ 47. Kh3 Qc5 48. f5 exf5 49. Qc6 Qe5 1/2-1/2

[Event "Western Asia-ch U20"]
[Site "Delhi"]
[Date "2019.09.07"]
[Round "4"]
[White "Sammed Jaykumar, Shete"]
[Black "Rajdeep, Sarkar"]
[Result "0-1"]
[WhiteElo "2395"]
[BlackElo "2364"]
[PlyCount "109"]
[EventDate "2019.09.06"]
[EventType "swiss"]
[EventRounds "9"]
[EventCountry "IND"]
[SourceTitle "CBM 192 Extra"]
[Source "Chessbase"]
[SourceDate "2019.11.06"]
[SourceVersion "1"]
[SourceVersionDate "2019.11.06"]
[SourceQuality "1"]

1. e4 e5 2. Nf3 Nc6 3. Bc4 Nf6 4. d3 Be7 5. 0-0 d6 6. a4 0-0 7. Re1 h6 8. a5 a6 9. c3 Nh7 10. d4 Bf6 11. h3 Ng5 12. d5 Ne7 13. Nxg5 Bxg5 14. Bxg5 hxg5 15. Be2 Ng6 16. Bg4 Nf4 17. g3 Ng6 18. Nd2 Ne7 19. Bxc8 Rxc8 20. Qg4 f6 21. Kg2 c6 22. Qe6+ Kh7 23. Nc4 cxd5 24. Nb6 Rc7 25. Rad1 Rc6 26. h4 g4 27. exd5 Rxb6 28. axb6 f5 29. Rxe5 dxe5 30. Qxe5 Nc8 31. Qc7 f4 32. gxf4 Nxb6 33. Qe5 Qf6 34. Kg3 Nd7 35. Qh5+ Qh6 36. Qxh6+ Kxh6 37. Re1 Nf6 38. Re6 g6 39. d6 Nh5+ 40. Kh2 Rxf4 41. Re2 Rxf2+ 42. Rxf2 g3+ 43. Kg2 gxf2 44. Kxf2 Nf6 45. Ke3 Kh5 46. Kd4 Kxh4 47. Ke5 Nd7+ 48. Ke6 Nb8 49. Ke7 g5 50. Kd8 g4 51. Kc7 Nc6 52. Kxb7 Ne5 53. c4 g3 54. c5 g2 55. c6 0-1

[Event "Titled Tuesday intern op 1st Jan"]
[Site "Chess.com INT"]
[Date "2019.01.01"]
[Round "7"]
[White "Gallego Alcaraz, Andres Felipe"]
[Black "Rajdeep, Sarkar"]
[Result "1-0"]
[WhiteElo "2502"]
[BlackElo "2369"]
[PlyCount "119"]
[EventDate "2019.01.01"]
[EventType "swiss (blitz)"]
[EventRounds "10"]
[EventCountry "USA"]
[SourceTitle "EXT 2021"]
[Source "ChessBase"]
[SourceDate "2020.10.23"]
[SourceVersion "1"]
[SourceVersionDate "2020.10.23"]
[SourceQuality "1"]

1. d4 e6 2. Nf3 b6 3. g3 Bb7 4. Bg2 c5 5. 0-0 Nf6 6. c4 cxd4 7. Qxd4 Nc6 8. Qf4 Ne7 9. Nc3 Ng6 10. Qd2 Rc8 11. b3 Bb4 12. Bb2 d5 13. a3 Ne4 14. Qc2 Bxc3 15. Bxc3 Nxc3 16. Qxc3 0-0 17. Rfd1 Qe7 18. Qb4 dxc4 19. Qxe7 Nxe7 20. Rd7 Bxf3 21. Bxf3 cxb3 22. Rb1 Nc6 23. Rxb3 Na5 24. Rbd3 a6 25. Ra7 Nc4 26. Rxa6 Ne5 27. Rb3 Nxf3+ 28. exf3 h5 29. h4 Ra8 30. Raxb6 Ra4 31. R6b4 Ra6 32. a4 Rfa8 33. Rb8+ Rxb8 34. Rxb8+ Kh7 35. Rb4 Kg6 36. Kf1 Kf5 37. Ke2 Ke5 38. Kd3 Kd5 39. Rb5+ Kc6 40. Rxh5 Rxa4 41. Rh7 Ra3+ 42. Ke2 Ra2+ 43. Kf1 Kd6 44. Rxg7 Ke7 45. Rg4 Kf6 46. Kg2 Ra5 47. Re4 Rf5 48. g4 Ra5 49. Kg3 Kg6 50. f4 Ra3+ 51. f3 Ra1 52. Re5 Rg1+ 53. Kf2 Rh1 54. h5+ Kh6 55. f5 exf5 56. Rxf5 Kg7 57. Kg2 Rh4 58. Rd5 f6 59. Rd1 f5 60. Kg3 1-0

[Event "Titled Tuesday intern op 1st Jan"]
[Site "Chess.com INT"]
[Date "2019.01.01"]
[Round "6"]
[White "Nikologorskiy, Konstantin"]
[Black "Rajdeep, Sarkar"]
[Result "1-0"]
[WhiteElo "2413"]
[BlackElo "2369"]
[PlyCount "129"]
[EventDate "2019.01.01"]
[EventType "swiss (blitz)"]
[EventRounds "10"]
[EventCountry "USA"]
[SourceTitle "EXT 2021"]
[Source "ChessBase"]
[SourceDate "2020.10.23"]
[SourceVersion "1"]
[SourceVersionDate "2020.10.23"]
[SourceQuality "1"]

1. d4 e6 2. c4 b6 3. Nc3 Bb7 4. Nf3 Nf6 5. g3 Bxf3 6. exf3 d5 7. cxd5 Nxd5 8. Bb5+ c6 9. Ba4 Be7 10. 0-0 0-0 11. Ne4 b5 12. Bc2 Nd7 13. f4 N7f6 14. Ng5 h6 15. Nf3 Rc8 16. a3 a5 17. Qe2 Qb6 18. Be3 Nxe3 19. Qxe3 Rfe8 20. Ne5 c5 21. dxc5 Bxc5 22. Qe2 Bd4 23. Bd3 b4 24. Rac1 Nd5 25. a4 Bxe5 26. Qxe5 Nf6 27. h3 Red8 28. Rxc8 Rxc8 29. Rd1 Rd8 30. b3 Rd5 31. Qe2 Qd8 32. Bc2 Rxd1+ 33. Bxd1 Nd5 34. Qc4 Nxf4 35. Bg4 Nd5 36. Bf3 Nc3 37. Kg2 e5 38. h4 Qe7 39. Qc8+ Kh7 40. h5 e4 41. Qf5+ Kg8 42. Qc8+ Qf8 43. Bg4 Qxc8 44. Bxc8 Kf8 45. g4 Ke7 46. Ba6 Kd6 47. Bc4 f6 48. f3 Ke5 49. fxe4 Nxe4 50. Kf3 Kd4 51. Kf4 Nd2 52. Bf7 Kc3 53. Kf5 Nxb3 54. Kg6 Nd2 55. Kxg7 b3 56. Kxh6 b2 57. Ba2 Kb4 58. Kg7 Ka3 59. Bb1 Nxb1 60. h6 Nc3 61. h7 b1Q 62. h8Q Nxa4 63. Qc8 Qb4 64. Kxf6 Qxg4 65. Qxg4 1-0

[Event "Titled Tuesday intern op 1st Jan"]
[Site "Chess.com INT"]
[Date "2019.01.01"]
[Round "8"]
[White "Rajdeep, Sarkar"]
[Black "Movileanu, Daniela"]
[Result "1/2-1/2"]
[WhiteElo "2369"]
[BlackElo "2174"]
[PlyCount "91"]
[EventDate "2019.01.01"]
[EventType "swiss (blitz)"]
[EventRounds "10"]
[EventCountry "USA"]
[SourceTitle "EXT 2021"]
[Source "ChessBase"]
[SourceDate "2020.10.23"]
[SourceVersion "1"]
[SourceVersionDate "2020.10.23"]
[SourceQuality "1"]

1. Nf3 c5 2. b3 g6 3. Bb2 Nf6 4. Bxf6 exf6 5. c4 d5 6. cxd5 Qxd5 7. Nc3 Qd8 8. Rc1 Be7 9. g3 0-0 10. Bg2 Nc6 11. 0-0 Be6 12. Na4 Qa5 13. Qc2 Nb4 14. Qb2 c4 15. Nd4 cxb3 16. Nxe6 Nxa2 17. Nxf8 Nxc1 18. Rxc1 Qxa4 19. Nd7 Qxd7 20. Qxb3 Rb8 21. Bd5 Bd8 22. d4 b5 23. e3 a5 24. Bc6 Qc7 25. Rc5 a4 26. Qb1 Qa5 27. Rxb5 Rxb5 28. Qxb5 Qxb5 29. Bxb5 a3 30. Bc4 Kf8 31. Kf1 Ke7 32. Ke2 Bc7 33. Kd3 Bd6 34. Kc2 Bb4 35. f3 f5 36. Kb3 Bd2 37. Kxa3 Bxe3 38. d5 Kd6 39. Kb3 Bg1 40. h3 h5 41. Kc2 Bf2 42. g4 hxg4 43. hxg4 fxg4 44. fxg4 f5 45. gxf5 gxf5 46. Kd3 1/2-1/2

[Event "Goa op 1st"]
[Site "Taleigao"]
[Date "2018.10.19"]
[Round "9"]
[White "Rajdeep, Sarkar"]
[Black "Amonatov, Farrukh"]
[Result "0-1"]
[WhiteElo "2355"]
[BlackElo "2615"]
[PlyCount "76"]
[EventDate "2018.10.13"]
[EventType "swiss"]
[EventRounds "10"]
[EventCountry "IND"]
[SourceTitle "CBM 186 Extra"]
[Source "ChessBase"]
[SourceDate "2018.08.24"]
[SourceVersion "1"]
[SourceVersionDate "2018.08.24"]
[SourceQuality "1"]

1. d4 Nf6 2. c4 g6 3. Nc3 Bg7 4. g3 c5 5. d5 d6 6. Bg2 0-0 7. e4 e6 8. Nge2 exd5 9. exd5 Na6 10. 0-0 Nc7 11. a4 Na6 12. h3 Nb4 13. Bf4 Bf5 14. Qd2 Re8 15. b3 Bc2 16. Ra3 a6 17. Be3 Qd7 18. Kh2 Ne4 19. Nxe4 Bxe4 20. Bxe4 Rxe4 21. Nc3 Re5 22. Na2 Rh5 23. h4 Re8 24. Nxb4 cxb4 25. Ra2 Bf6 26. Kg2 Rxh4 27. Rh1 Rxh1 28. Kxh1 Qh3+ 29. Kg1 h5 30. Qd1 h4 31. Qf1 Qg4 32. Bf4 hxg3 33. Bxg3 Bc3 34. Qd3 Re1+ 35. Kg2 Qh5 36. Bh2 Be5 37. Qh3 Qxh3+ 38. Kxh3 Rh1 0-1

[Event "Goa op 1st"]
[Site "Taleigao"]
[Date "2018.10.17"]
[Round "6"]
[White "Ramnathan, Balasubramaniam"]
[Black "Rajdeep, Sarkar"]
[Result "0-1"]
[WhiteElo "2142"]
[BlackElo "2355"]
[PlyCount "78"]
[EventDate "2018.10.13"]
[EventType "swiss"]
[EventRounds "10"]
[EventCountry "IND"]
[SourceTitle "CBM 186 Extra"]
[Source "ChessBase"]
[SourceDate "2018.08.24"]
[SourceVersion "1"]
[SourceVersionDate "2018.08.24"]
[SourceQuality "1"]

1. Nf3 d5 2. b3 c5 3. Bb2 Nc6 4. e3 Nf6 5. Bb5 Bd7 6. Bxc6 Bxc6 7. Ne5 Rc8 8. d4 e6 9. 0-0 cxd4 10. Bxd4 Bd6 11. Nd2 Qc7 12. Ndf3 0-0 13. Nxc6 Qxc6 14. Bxf6 gxf6 15. Nd4 Qd7 16. Qh5 Kh8 17. f4 Rg8 18. Rf3 Rg7 19. Rd1 Rc3 20. Qh4 Be7 21. Qf2 f5 22. Qe2 a6 23. Rd3 Qc8 24. Rh3 Bf6 25. Rg3 Bxd4 26. exd4 Rxc2 27. Rd2 Rc1+ 28. Kf2 Qc7 29. Qe3 Rg6 30. Rf3 Kg8 31. Re2 b5 32. Qd2 a5 33. a3 Kh8 34. Qd3 b4 35. axb4 axb4 36. Qb5 Rh1 37. Qxb4 Qc1 38. Qb8+ Kg7 39. Qe5+ f6 0-1

[Event "Sharjah Masters 2nd"]
[Site "Sharjah"]
[Date "2018.04.17"]
[Round "8"]
[White "Rajdeep, Sarkar"]
[Black "Shanya, Mishra"]
[Result "1-0"]
[WhiteElo "2393"]
[BlackElo "1922"]
[PlyCount "97"]
[EventDate "2018.04.12"]
[EventType "swiss"]
[EventRounds "9"]
[EventCountry "UAE"]
[SourceTitle "CBM 184 Extra"]
[Source "ChessBase"]
[SourceDate "2018.06.28"]
[SourceVersion "1"]
[SourceVersionDate "2018.06.28"]
[SourceQuality "1"]

1. Nf3 Nf6 2. g3 d5 3. Bg2 e6 4. 0-0 Be7 5. b3 0-0 6. c4 c5 7. Bb2 Nc6 8. e3 b6 9. Qe2 Bb7 10. Rd1 Qc7 11. Nc3 Rad8 12. Rac1 dxc4 13. bxc4 Qb8 14. Ne1 Qa8 15. f4 Ne8 16. g4 Nd6 17. d3 Rd7 18. Nf3 f6 19. Nd2 Rfd8 20. a3 f5 21. gxf5 Nxf5 22. Nf3 Bf6 23. Na4 Kh8 24. Bxf6 gxf6 25. Kf2 Rg7 26. Bh3 Rdg8 27. Rg1 Rxg1 28. Rxg1 Rxg1 29. Nxg1 Nce7 30. Qb2 Kg7 31. Ne2 Kf7 32. Ng3 Bc6 33. Nc3 Nxg3 34. hxg3 f5 35. Nb5 Qb8 36. a4 a6 37. Nc3 Qd6 38. Qe2 Ng6 39. Bf1 Qf8 40. Qb2 Qd8 41. Be2 e5 42. fxe5 Nxe5 43. Nd5 Nd7 44. Bf3 Bxd5 45. Bxd5+ Kg6 46. a5 b5 47. cxb5 Qxa5 48. Bc6 Nb6 49. Be8+ 1-0

[Event "Dubai op 20th"]
[Site "Dubai"]
[Date "2018.04.07"]
[Round "5"]
[White "Rajdeep, Sarkar"]
[Black "Makropoulou, Marina"]
[Result "1-0"]
[WhiteElo "2393"]
[BlackElo "2167"]
[PlyCount "118"]
[EventDate "2018.04.02"]
[EventType "swiss"]
[EventRounds "9"]
[EventCountry "UAE"]
[SourceTitle "CBM 183 Extra"]
[Source "ChessBase"]
[SourceDate "2018.04.19"]
[SourceVersion "1"]
[SourceVersionDate "2018.04.19"]
[SourceQuality "1"]

1. Nf3 d5 2. g3 Nf6 3. Bg2 g6 4. 0-0 Bg7 5. d4 0-0 6. c4 c6 7. Nbd2 b6 8. b3 Bb7 9. Bb2 Nbd7 10. Qc2 e6 11. Rac1 a5 12. a3 Qe7 13. e4 Nxe4 14. Nxe4 dxe4 15. Qxe4 Rab8 16. Qe2 c5 17. Rcd1 Rfd8 18. d5 Bxb2 19. Qxb2 exd5 20. cxd5 Qf6 21. Qe2 Re8 22. Qb5 Rbd8 23. Nd2 Nb8 24. Ne4 Rxe4 25. Bxe4 Ba6 26. Qa4 Bxf1 27. Rxf1 Kg7 28. Bg2 Nd7 29. h4 h5 30. Re1 Qd6 31. Qc4 Nf6 32. Bf3 Re8 33. Rd1 Re5 34. Qb5 Rf5 35. Qc6 Qe5 36. d6 Qc3 37. Kg2 Nd7 38. Qe4 Qxb3 39. Rd3 Qc2 40. Re3 Qxe4 41. Bxe4 Rf6 42. Rd3 Kf8 43. f4 Ke8 44. Bc6 Kd8 45. Bb5 Rf5 46. Rd2 Nf6 47. Kf3 Rd5 48. Rxd5 Nxd5 49. Bc4 Nf6 50. Bxf7 Kd7 51. Bxg6 c4 52. Ke3 b5 53. Kd4 Kxd6 54. Bc2 Nd5 55. a4 bxa4 56. Bxa4 c3 57. Bb3 Ne7 58. Bc2 a4 59. Kxc3 Kd5 1-0